000 00410cam a22001217a 4500
008 180718b-- xxu||||| |||| 00| 0 eng d
082 _aK11055x5461
245 _aDelhi officials directory
_cby Centre of Publications
260 _aNew Delhi
_bCentre of Publications
_c--
500 _aLibrary has 2000, 2002, 2004, 2005
650 _aDelhi - Officials and employees - Directories
700 _aCentre of Publications
999 _c486778
_d486778